000 002850000a22001090004500
100 1 _aEscandón, Rafael
245 1 0 _aLa música y el cristiano
300 _aVol.43, núm.182 (1988), Páginas 8-9
650 1 4 _aMÚSICA-CRISTIANISMO
773 0 _tLa Biblia en las Américas
942 _cANA
999 _c62854
_d62854